| 000 | 00706nam a2200169Ia 4500 | ||
|---|---|---|---|
| 008 | 090124s9999 xx 000 0 und d | ||
| 020 | _a81-88909-06-8 | ||
| 082 | _b44424 | ||
| 245 | _aDICTIONARY OF MANAGEMENT व्यवस्थापन शास्त्र शब्दकोश | ||
| 250 | _a0 | ||
| 260 | _bइंटेलेउायुअल बुक ब्युरो | ||
| 300 | _a237 | ||
| 630 | _aDICTIONARY OF MANAGEMENT व्यवस्थापन शास्त्र शब्दकोश | ||
| 700 | _aसाळी चेतन शंकर | ||
| 730 | _aDICTIONARY OF MANAGEMENT व्यवस्थापन शास्त्र शब्दकोश | ||
| 942 | _cBOOK | ||
| 999 |
_c110637 _d110637 |
||